Southville International School and Colleges
Your cart is empty.
  • Cart
  • Lists
    Public lists Eva Luna New books Lux_list list_1
    Your lists Log in to create your own lists
  • Log in to your account
  • Your cookies
  • Search history
Southville International School and Colleges
  • Advanced search
  • Recent comments
  • Most popular
  • Libraries

Log in to your account

Log in with GOOGLE


If you do not have an external account, but do have a local account, you can still log in:

  1. Home
  2. MARC view: Visual arts :
Normal view MARC view ISBD view

Visual arts : (Record no. 3111)

[ view plain ]
MARC details
000 -LEADER
fixed length control field 00463nam a22001817a 4500
003 - CONTROL NUMBER IDENTIFIER
control field OSt
005 - DATE AND TIME OF LATEST TRANSACTION
control field 20151027160851.0
008 - FIXED-LENGTH DATA ELEMENTS--GENERAL INFORMATION
fixed length control field 130626t xxu||||| |||| 00| 0 eng d
020 ## - INTERNATIONAL STANDARD BOOK NUMBER
International Standard Book Number 9781741474657
050 ## - LIBRARY OF CONGRESS CALL NUMBER
Classification number N 7425
Item number .V834 2007
082 ## - DEWEY DECIMAL CLASSIFICATION NUMBER
Classification number IB 701.18
Item number B63 2007
245 ## - TITLE STATEMENT
Title Visual arts :
Remainder of title HSC student answers
260 ## - PUBLICATION, DISTRIBUTION, ETC. (IMPRINT)
Place of publication, distribution, etc Australia :
Name of publisher, distributor, etc Board of studies,
Date of publication, distribution, etc 2007.
300 ## - PHYSICAL DESCRIPTION
Extent 90 p. :
Dimensions 30 cm.
650 ## - SUBJECT ADDED ENTRY--TOPICAL TERM
Topical term or geographic name as entry element Arts
942 ## - ADDED ENTRY ELEMENTS (KOHA)
Source of classification or shelving scheme Library of Congress Classification
Koha item type Books
Holdings
Withdrawn status Lost status Source of classification or shelving scheme Damaged status Home library Current library Shelving location Date acquired Total Checkouts Full call number Barcode Date last seen Copy number Price effective from Koha item type
    Library of Congress Classification   Luxembourg Library Luxembourg Library International Baccalaureate Section 06/26/2013   N 7425 .V834 2007 16061 08/13/2013 1 06/26/2013 Books

Visual arts :

APA

(2007). Visual arts. Australia: Board of studies.

Chicago

2007. Visual arts. Australia: Board of studies.

Harvard

(2007). Visual arts. Australia: Board of studies.

MLA

Visual arts. Australia: Board of studies. 2007.

  • Place hold
  • Print
  • Cite
  • Add to your cart (remove)
  • Save record
    BIBTEX Dublin Core MARCXML MARC (non-Unicode/MARC-8) MARC (Unicode/UTF-8) MARC (Unicode/UTF-8, Standard) MODS (XML) RIS
  • More searches
    Search for this title in:
    Other Libraries (WorldCat) Other Databases (Google Scholar) Online Stores (Bookfinder.com) Open Library (openlibrary.org)

Exporting to Dublin Core...

SOUTHVILLE LIBRARY

Southville International School and Colleges Library

1281 Tropical Ave. Cor. Luxembourg St., BF Homes International, Las Pinas City

Tel. No. 8256374 / 252358 Loc. 117/146

Powered by Koha